Gema Aidilfitri [

Bibliographic Details
Format: Book
Published: Kuala Lumpur : Warner Music (Malaysia) Sdn Bhd , 2011
Subjects:

MARC

LEADER 00000cam a2200000 7i4500
001 0000190839
005 20150316.0
090 0 0 |a MUZ   |b GEM 
245 0 0 |a Gema Aidilfitri [  |h cd music] 
260 |a Kuala Lumpur :   |b Warner Music (Malaysia) Sdn Bhd ,   |c 2011 
300 |a 2 CD audio (110 minutes) 
500 |a Library has 3 copies 
650 0 0 |a Songs, Malay 
999 |a AV 35069   |b CD MUSIC   |c PINJAMAN   |e PERPUSTAKAAN KOMUNITI PETALING JAYA 
999 |a AV 35070   |b CD MUSIC   |c PINJAMAN   |e PERPUSTAKAAN KOMUNITI PETALING JAYA